Royals und europäische Adelshäuser - Statistiken

Allgemein
  • Dieses Quiz wurde 919 mal gespielt
  • Das Durchschnittsergebnis liegt bei 11 aus 17
Antwortstatistiken
Hint Extra Hint Antwort % Korrekt
Prinz William mit Kate, Georg, Louis und Charlotte Britisches Königshaus (House of Windsor)
97%
Prinz Harry und Meghan Britisches Königshaus (House of Windsor)
97%
Queen Elisabeth und Philipp Britisches Königshaus (House of Windsor)
96%
King Charles und Camilla Britisches Königshaus (House of Windsor)
93%
König Felipe VI und Letizia Spanisches Königshaus (House of Bourbon)
89%
König Willem-Alexander und Maxima Niederländisches Königshaus (House of Orange-Nassau)
65%
König Carl Gustaf und Silvia Schwedisches Königshaus (House of Bernadotte)
63%
Prinzessin Anne Britisches Königshaus (House of Windsor)
59%
Großherzog Henri mit Maria Teresa Luxemburgisches Großherzogliches Haus (House of Nassau-Weilburg)
55%
Kronprinzessin Victoria mit Daniel Estelle Schwedisches Königshaus (House of Bernadotte)
51%
Königin Margrethe II Dänisches Königshaus (House of Glücksburg)
48%
Prinzessin Leonor Spanisches Königshaus (House of Bourbon)
47%
König Frederik und Mary mit ihren Kindern Dänisches Königshaus (House of Glücksburg)
44%
König Philippe und Mathilde Belgisches Königshaus (House of Belgium)
43%
König Harald V. Norwegisches Königshaus (House of Glücksburg)
43%
Kronprinzessin Elisabeth Belgisches Königshaus (House of Belgium)
34%
Königin Sonja Norwegisches Königshaus (House of Glücksburg)
29%
Keine übereinstimmenden Quizze gefunden
Verteilung der Resultate
Anzahl Personen mit jedem Resultat
Perzentil nach korrekt beantworteten Fragen
Ihre Resultats-Entwicklung
Sie haben dieses Quiz noch nicht gespielt